[Event "Asian-ch Seniors 50"]
[Site "Chess.com INT"]
[Date "2020.07.21"]
[Round "5.5"]
[White "Iuldachev, Saidali"]
[Black "Wajih, Nassir"]
[Result "1-0"]
[WhiteElo "2514"]
[BlackElo "2141"]
[PlyCount "57"]
[EventDate "2020.07.21"]
[EventType "swiss"]
[EventRounds "9"]
[EventCountry "UAE"]
[SourceTitle "EXT 2024"]
[Source "ChessBase"]
[SourceDate "2023.10.10"]
[SourceVersion "1"]
[SourceVersionDate "2023.10.10"]
[SourceQuality "1"]

1. e4 c5 2. Nc3 Nc6 3. Bb5 d6 4. Bxc6+ bxc6 5. d3 Nf6 6. f4 e5 7. fxe5 dxe5 8. Nf3 Bd6 9. 0-0 h6 10. Kh1 Qe7 11. b3 0-0 12. Nh4 Bg4 13. Qe1 Nh7 14. Qg3 f5 15. exf5 e4 16. Qxg4 Nf6 17. Qh3 exd3 18. cxd3 Qe5 19. Bd2 Rfe8 20. Nf3 Qe7 21. Rae1 Qd7 22. Re6 Bf8 23. Ne5 Qc7 24. Ng4 Nxg4 25. Qxg4 Red8 26. Bxh6 Rxd3 27. Ne4 Rad8 28. Nf6+ Kh8 29. Bf4 1-0

[Event "Asian-ch Seniors 50"]
[Site "Chess.com INT"]
[Date "2020.07.21"]
[Round "3.4"]
[White "Wajih, Nassir"]
[Black "Duneas, John"]
[Result "0-1"]
[WhiteElo "2141"]
[BlackElo "2006"]
[PlyCount "60"]
[EventDate "2020.07.21"]
[EventType "swiss"]
[EventRounds "9"]
[EventCountry "UAE"]
[SourceTitle "EXT 2024"]
[Source "ChessBase"]
[SourceDate "2023.10.10"]
[SourceVersion "1"]
[SourceVersionDate "2023.10.10"]
[SourceQuality "1"]

1. e4 e6 2. d4 d5 3. e5 c5 4. c3 Nc6 5. Nf3 Bd7 6. Bd3 cxd4 7. cxd4 Qb6 8. 0-0 Nxd4 9. Nxd4 Qxd4 10. Nc3 a6 11. Re1 Qb6 12. Be3 d4 13. Ne4 dxe3 14. Rxe3 Nh6 15. Rc1 Be7 16. Rh3 Rd8 17. Qh5 Nf5 18. Ng5 g6 19. Qg4 Qxb2 20. Rf1 Qxe5 21. Nf3 Qf6 22. Nd2 0-0 23. Ne4 Qg7 24. Qf4 Bc6 25. Qc7 Rd7 26. Qb6 Qd4 27. Qb1 Rfd8 28. g4 Ng7 29. Qc1 h5 30. gxh5 Nxh5 0-1

[Event "Asian-ch Seniors 50 zt 3.7"]
[Site "Chess.com INT"]
[Date "2020.07.19"]
[Round "3.1"]
[White "Kiran, Panditrao"]
[Black "Wajih, Nassir"]
[Result "1/2-1/2"]
[WhiteElo "2026"]
[BlackElo "2141"]
[PlyCount "94"]
[EventDate "2020.07.19"]
[EventType "swiss"]
[EventRounds "5"]
[EventCountry "IND"]
[SourceTitle "EXT 2024"]
[Source "ChessBase"]
[SourceDate "2023.10.10"]
[SourceVersion "1"]
[SourceVersionDate "2023.10.10"]
[SourceQuality "1"]

1. e4 c5 2. Nf3 d6 3. d4 cxd4 4. Nxd4 Nf6 5. Nc3 Nc6 6. Be2 e6 7. 0-0 Be7 8. Be3 0-0 9. f4 a6 10. Kh1 Qc7 11. Qe1 Re8 12. Qg3 b5 13. Nxc6 Qxc6 14. Bf3 d5 15. exd5 Nxd5 16. Bd4 Bf8 17. f5 Kh8 18. Rae1 Bd7 19. Qh4 Qc4 20. b3 Qc8 21. Nxd5 exd5 22. Bxd5 Rxe1 23. Rxe1 Bc6 24. Qe4 Bxd5 25. Qxd5 f6 26. c4 bxc4 27. bxc4 Rb8 28. c5 Qc7 29. c6 Rd8 30. Qe4 Qd6 31. Bb6 Rc8 32. Rc1 Qa3 33. Qc2 Qb4 34. Bf2 h6 35. Bg3 Bd6 36. Rb1 Rxc6 37. Bxd6 Qxd6 38. Qe4 Qc7 39. Qe8+ Kh7 40. Qg6+ Kg8 41. Qe8+ Kh7 42. Qg6+ Kg8 43. Re1 Rc1 44. Qe8+ Kh7 45. Qg6+ Kg8 46. Qe8+ Kh7 47. Qg6+ Kg8 1/2-1/2

[Event "Asian-ch Seniors 50 zt 3.7"]
[Site "Chess.com INT"]
[Date "2020.07.19"]
[Round "2.1"]
[White "Wajih, Nassir"]
[Black "Surender, Kumar Sharma"]
[Result "1-0"]
[WhiteElo "2141"]
[BlackElo "2109"]
[PlyCount "49"]
[EventDate "2020.07.19"]
[EventType "swiss"]
[EventRounds "5"]
[EventCountry "IND"]
[SourceTitle "EXT 2024"]
[Source "ChessBase"]
[SourceDate "2023.10.10"]
[SourceVersion "1"]
[SourceVersionDate "2023.10.10"]
[SourceQuality "1"]

1. e4 d6 2. d4 Nf6 3. Nc3 g6 4. f4 c6 5. Nf3 Bg7 6. Be3 0-0 7. Qd2 b5 8. Bd3 Qc7 9. 0-0-0 b4 10. Ne2 Ba6 11. Kb1 Bxd3 12. cxd3 a5 13. f5 Nbd7 14. Bh6 c5 15. Bxg7 Kxg7 16. h4 h5 17. Qg5 c4 18. fxg6 fxg6 19. Nf4 Qb7 20. Qxg6+ Kh8 21. Ne6 Rg8 22. Qh6+ Nh7 23. Nfg5 Rxg5 24. hxg5 cxd3 25. Qg7# 1-0

[Event "New Delhi Parsvnath op 6th"]
[Site "New Delhi"]
[Date "2008.01.19"]
[Round "9"]
[White "Syed, Nabeela Farheen"]
[Black "Wajih, Nassir"]
[Result "1-0"]
[WhiteElo "2081"]
[BlackElo "2255"]
[PlyCount "93"]
[EventDate "2008.01.13"]
[EventType "swiss"]
[EventRounds "10"]
[EventCountry "IND"]
[SourceTitle "CBM 122 Extra"]
[Source "ChessBase"]
[SourceDate "2008.03.04"]
[SourceVersion "1"]
[SourceVersionDate "2008.03.04"]
[SourceQuality "1"]

1. Nf3 Nf6 2. c4 g6 3. d4 Bg7 4. Nc3 0-0 5. e4 d6 6. Be2 e5 7. Be3 Nc6 8. d5 Ne7 9. Nd2 Nd7 10. b4 f5 11. f3 Nf6 12. c5 Nh5 13. cxd6 cxd6 14. 0-0 Nf4 15. Nc4 g5 16. Nb5 Rf6 17. Bxa7 Rxa7 18. Nxa7 Bd7 19. a4 Rh6 20. Nb5 g4 21. g3 Nh3+ 22. Kg2 gxf3+ 23. Bxf3 fxe4 24. Bg4 Bxg4 25. Qxg4 Nxd5 26. Qxe4 Ndf4+ 27. Kh1 d5 28. Rad1 Qc8 29. Nbd6 Qc5 30. Qe3 Qxe3 31. Nxe3 Rxd6 32. gxf4 Nxf4 33. Nf5 Rd7 34. Rg1 Ng6 35. h4 Kf8 36. Nxg7 Rxg7 37. Rxd5 Re7 38. h5 Nf4 39. Rd8+ Kf7 40. Rh8 Ke6 41. h6 Ng6 42. Rg8 Rd7 43. Rg7 Rd4 44. R1xg6+ hxg6 45. h7 Rh4+ 46. Kg2 b6 47. a5 1-0

[Event "New Delhi Parsvnath op 6th"]
[Site "New Delhi"]
[Date "2008.01.17"]
[Round "7"]
[White "Khosla, Shiven"]
[Black "Wajih, Nassir"]
[Result "1-0"]
[WhiteElo "2076"]
[BlackElo "2255"]
[PlyCount "89"]
[EventDate "2008.01.13"]
[EventType "swiss"]
[EventRounds "10"]
[EventCountry "IND"]
[SourceTitle "CBM 122 Extra"]
[Source "ChessBase"]
[SourceDate "2008.03.04"]
[SourceVersion "1"]
[SourceVersionDate "2008.03.04"]
[SourceQuality "1"]

1. e4 g6 2. d4 Bg7 3. Nc3 d6 4. Be3 c6 5. Qd2 b5 6. Bd3 Nd7 7. f4 Ngf6 8. h3 0-0 9. e5 b4 10. Ne4 Nd5 11. Nf3 c5 12. c3 Nxe3 13. Qxe3 cxd4 14. cxd4 Nb6 15. 0-0 Nd5 16. Qd2 Bh6 17. Neg5 dxe5 18. dxe5 Bb7 19. Be4 Qb6+ 20. Qf2 Qa6 21. Qh4 Kg7 22. Rfe1 Rad8 23. f5 Qb6+ 24. Kh1 Bxg5 25. Nxg5 h6 26. Nf3 gxf5 27. Bxf5 Ne3 28. Be4 Bxe4 29. Qxe4 Nd5 30. Nh4 Kh8 31. e6 Qxe6 32. Qxe6 fxe6 33. Ng6+ Kg7 34. Nxf8 Rxf8 35. Rxe6 Rf2 36. Rd1 Kf7 37. Ree1 Nf6 38. Rb1 Rc2 39. Rec1 Re2 40. Rc7 a5 41. Rc5 a4 42. Ra5 e5 43. Rxa4 Nd5 44. Rd1 Ne3 45. Rd6 1-0

[Event "New Delhi Parsvnath op 6th"]
[Site "New Delhi"]
[Date "2008.01.15"]
[Round "5"]
[White "Solodovnichenko, Yuri"]
[Black "Wajih, Nassir"]
[Result "1/2-1/2"]
[WhiteElo "2541"]
[BlackElo "2255"]
[PlyCount "76"]
[EventDate "2008.01.13"]
[EventType "swiss"]
[EventRounds "10"]
[EventCountry "IND"]
[SourceTitle "CBM 122 Extra"]
[Source "ChessBase"]
[SourceDate "2008.03.04"]
[SourceVersion "1"]
[SourceVersionDate "2008.03.04"]
[SourceQuality "1"]

1. e4 c5 2. Nf3 Nc6 3. d4 cxd4 4. Nxd4 e5 5. Nb5 d6 6. N1c3 a6 7. Na3 b5 8. Nd5 Nf6 9. Bg5 Be7 10. Bxf6 Bxf6 11. c3 0-0 12. Nc2 Bg5 13. a4 bxa4 14. Rxa4 Rb8 15. Ncb4 Nxb4 16. cxb4 f5 17. Bxa6 Bd7 18. Ra3 fxe4 19. 0-0 Kh8 20. Re1 e3 21. fxe3 Bc6 22. Bc4 Bxd5 23. Bxd5 Rxb4 24. Qe2 Qb6 25. Rf1 Rbf4 26. Rb1 h6 27. g3 Rb4 28. h4 Bf6 29. Ra6 Qc5 30. Rd1 e4 31. b3 Bd4 32. Bc4 Bxe3+ 33. Kh1 Qc8 34. Qxe3 Rf3 35. Qe2 Rxc4 36. bxc4 Qh3+ 37. Qh2 Rf1+ 38. Rxf1 Qxf1+ 1/2-1/2

[Event "New Delhi Parsvnath op 6th"]
[Site "New Delhi"]
[Date "2008.01.14"]
[Round "3"]
[White "Wajih, Nassir"]
[Black "Ghane Gardeh, Shojaat"]
[Result "1-0"]
[WhiteElo "2255"]
[BlackElo "2442"]
[PlyCount "80"]
[EventDate "2008.01.13"]
[EventType "swiss"]
[EventRounds "10"]
[EventCountry "IND"]
[SourceTitle "CBM 122 Extra"]
[Source "ChessBase"]
[SourceDate "2008.03.04"]
[SourceVersion "1"]
[SourceVersionDate "2008.03.04"]
[SourceQuality "1"]

1. e4 e6 2. d4 d5 3. e5 c5 4. c3 Bd7 5. Nf3 a6 6. Be2 Bb5 7. Bxb5+ axb5 8. 0-0 Nc6 9. dxc5 Bxc5 10. b4 Bb6 11. Na3 Na7 12. Qe2 Qd7 13. Be3 Bxe3 14. fxe3 Ne7 15. Nd4 0-0 16. Naxb5 Nxb5 17. Nxb5 Ng6 18. e4 dxe4 19. Rfd1 Qe7 20. Qxe4 Qg5 21. Re1 Rad8 22. Nd4 Nf4 23. Rf1 Nd5 24. Rf3 Qd2 25. Qe1 Qb2 26. Nb5 Qc2 27. Nd6 Rd7 28. c4 Ne7 29. Rf2 Qa4 30. a3 Ng6 31. c5 Qb3 32. Qe4 Qc3 33. Re1 Qxa3 34. Qc4 Nxe5 35. Qe4 Nc6 36. Ref1 Qxb4 37. Qxe6 Re7 38. Rxf7 Qxc5+ 39. Kh1 Rexf7 40. Rxf7 Qxd6 1-0

[Event "Commonwealth-ch"]
[Site "New Delhi"]
[Date "2007.12.06"]
[Round "6"]
[White "Wajih, Nassir"]
[Black "Anurag, Mhamal"]
[Result "1-0"]
[WhiteElo "2285"]
[BlackElo "2092"]
[PlyCount "71"]
[EventDate "2007.12.03"]
[EventType "swiss"]
[EventRounds "10"]
[EventCountry "IND"]
[SourceTitle "CBM 121 Extra"]
[Source "ChessBase"]
[SourceDate "2008.01.10"]
[SourceVersion "1"]
[SourceVersionDate "2008.01.10"]
[SourceQuality "1"]

1. e4 e6 2. d4 d5 3. e5 c5 4. c3 Nc6 5. Nf3 Qb6 6. Be2 cxd4 7. cxd4 Nh6 8. Nc3 Nf5 9. Na4 Qa5+ 10. Kf1 Bd7 11. b3 Rc8 12. g4 Nh6 13. Bd2 Bb4 14. Bxb4 Nxb4 15. Nc5 Qb6 16. h3 Bb5 17. Kg2 Nc6 18. b4 Bxe2 19. Qxe2 Rc7 20. Rab1 a6 21. a4 0-0 22. a5 Qa7 23. Qd3 g6 24. Kg3 Kg7 25. h4 Re7 26. Ng5 Nd8 27. h5 f5 28. hxg6 Kxg6 29. Ncxe6 Nxe6 30. Nxe6 Rxe6 31. Rxh6+ Kxh6 32. gxf5 Rxf5 33. Qxf5 Rg6+ 34. Kf3 Kg7 35. Qd7+ Kf8 36. Rc1 1-0

[Event "Commonwealth-ch"]
[Site "New Delhi"]
[Date "2007.12.05"]
[Round "4"]
[White "Wajih, Nassir"]
[Black "Dilip, Das"]
[Result "1/2-1/2"]
[WhiteElo "2285"]
[BlackElo "2102"]
[PlyCount "88"]
[EventDate "2007.12.03"]
[EventType "swiss"]
[EventRounds "10"]
[EventCountry "IND"]
[SourceTitle "CBM 121 Extra"]
[Source "ChessBase"]
[SourceDate "2008.01.10"]
[SourceVersion "1"]
[SourceVersionDate "2008.01.10"]
[SourceQuality "1"]

1. e4 c5 2. Nf3 Nc6 3. Nc3 e6 4. d4 cxd4 5. Nxd4 Nf6 6. Nxc6 dxc6 7. Qxd8+ Kxd8 8. Bg5 Ke8 9. 0-0-0 h6 10. Bh4 Bb4 11. f3 Bd7 12. a3 Bxc3 13. bxc3 Nh5 14. Bc4 b5 15. Bb3 Rb8 16. Rd2 Rb7 17. Rhd1 Nf4 18. c4 a6 19. cxb5 axb5 20. a4 g5 21. Bf2 bxa4 22. Bxa4 Rh7 23. Rxd7 Rxd7 24. Bxc6 f5 25. g3 Ng6 26. exf5 exf5 27. Rd6 Ne5 28. Re6+ Rhe7 29. Bxd7+ Kxd7 30. Rxe7+ Kxe7 31. f4 gxf4 32. gxf4 Nc4 33. Kd1 Ke6 34. Ke2 Kd5 35. Kf3 Nd2+ 36. Kg3 Ke4 37. Ba7 Nf1+ 38. Kg2 Nd2 39. Bb8 Nc4 40. Kh3 Ne3 41. c3 Nf1 42. Kg2 Ne3+ 43. Kg3 Nf1+ 44. Kg2 Ne3+ 1/2-1/2

[Event "IND-chB 45th"]
[Site "Dindigul"]
[Date "2007.06.18"]
[Round "11"]
[White "Wajih, Nassir"]
[Black "Gupte, Meghan"]
[Result "1-0"]
[WhiteElo "2304"]
[BlackElo "2077"]
[PlyCount "89"]
[EventDate "2007.06.11"]
[EventType "swiss"]
[EventRounds "12"]
[EventCountry "IND"]
[SourceTitle "CBM 119 Extra"]
[Source "ChessBase"]
[SourceDate "2007.09.04"]
[SourceVersion "1"]
[SourceVersionDate "2007.09.04"]
[SourceQuality "1"]

1. e4 c5 2. Nf3 d6 3. c4 e5 4. Nc3 Nc6 5. d3 g6 6. Bg5 Qd7 7. Be2 Bg7 8. 0-0 h6 9. Bd2 Nge7 10. a3 f5 11. Rb1 g5 12. exf5 Nxf5 13. b4 b6 14. Ne1 0-0 15. Bf3 Bb7 16. Bd5+ Kh8 17. Qh5 Qe8 18. Qxe8 Rfxe8 19. Ne4 Bf8 20. Nc2 Rab8 21. bxc5 dxc5 22. Rfe1 Kg7 23. a4 Rbd8 24. Ne3 Nfe7 25. Nxc5 Bc8 26. Ne4 Nd4 27. Bc3 Kg6 28. a5 b5 29. Nd2 Nxd5 30. Nxd5 Nc2 31. Rec1 Na3 32. Ra1 Bf5 33. Nb4 bxc4 34. Rxa3 Rb8 35. Rb1 Rb7 36. Raa1 cxd3 37. Nd5 Rd7 38. Ne3 Rc7 39. Rc1 Rec8 40. Bb2 Bb4 41. Rxc7 Rxc7 42. Rc1 Rb7 43. Rc6+ Kh7 44. a6 Rb5 45. Rc7+ 1-0

[Event "IND-ch"]
[Site "New Delhi"]
[Date "2001.06.10"]
[Round "17"]
[White "Sriram, Jha"]
[Black "Wajih, Nassir"]
[Result "1/2-1/2"]
[WhiteElo "2390"]
[BlackElo "2371"]
[PlyCount "101"]
[EventDate "2001.06.02"]
[EventType "swiss"]
[EventRounds "18"]
[EventCountry "IND"]
[EventCategory "7"]
[SourceTitle "CBM 082 Extra"]
[Source "ChessBase"]
[SourceDate "2001.07.03"]
[SourceVersion "1"]
[SourceVersionDate "2001.07.03"]
[SourceQuality "1"]

1. d4 Nf6 2. c4 g6 3. Nc3 Bg7 4. e4 0-0 5. Be3 d6 6. f3 Nbd7 7. Nh3 e5 8. d5 Nh5 9. Qd2 f5 10. exf5 gxf5 11. Bg5 Bf6 12. Bxf6 Ndxf6 13. 0-0-0 Qe7 14. Bd3 Kh8 15. Rhg1 Bd7 16. Rde1 c6 17. Nf2 cxd5 18. cxd5 Qf7 19. g4 Nf4 20. Bxf5 Bxf5 21. gxf5 N6xd5 22. Nxd5 Qxd5 23. Qxd5 Nxd5 24. Ne4 Nf4 25. Kb1 d5 26. Nd6 Rad8 27. Nxb7 Rb8 28. Na5 Nd3 29. Re3 Nxb2 30. Ka1 Rb5 31. Rxe5 Nd3 32. Re3 Nb4 33. Rb3 Nc2+ 34. Kb2 Rxa5 35. Kxc2 Rxa2+ 36. Kd3 Rxh2 37. Rb7 a5 38. Rb5 Rh5 39. Rxa5 Rhxf5 40. Kd4 Rf4+ 41. Ke5 d4 42. Ra8 R4f5+ 43. Ke4 Rf4+ 44. Ke5 Rxf3 45. Rxf8+ Rxf8 46. Kxd4 Re8 47. Kd3 h6 48. Kd2 Kh7 49. Re1 Rf8 50. Ke2 h5 51. Rf1 1/2-1/2

[Event "IND-ch"]
[Site "New Delhi"]
[Date "2001.06.08"]
[Round "13"]
[White "Thipsay, Praveen Mahadeo"]
[Black "Wajih, Nassir"]
[Result "1-0"]
[WhiteElo "2453"]
[BlackElo "2371"]
[PlyCount "85"]
[EventDate "2001.06.02"]
[EventType "swiss"]
[EventRounds "18"]
[EventCountry "IND"]
[EventCategory "7"]
[SourceTitle "CBM 082 Extra"]
[Source "ChessBase"]
[SourceDate "2001.07.03"]
[SourceVersion "1"]
[SourceVersionDate "2001.07.03"]
[SourceQuality "1"]

1. e4 c5 2. Nf3 Nc6 3. d4 cxd4 4. Nxd4 Nf6 5. Nc3 e5 6. Ndb5 d6 7. Bg5 a6 8. Na3 b5 9. Bxf6 gxf6 10. Nd5 f5 11. Bd3 Be6 12. 0-0 Bg7 13. Qh5 f4 14. c4 bxc4 15. Bxc4 Rb8 16. b3 0-0 17. Rac1 Qd7 18. Bd3 Kh8 19. Rc4 f5 20. Rfc1 Bxd5 21. exd5 Nd4 22. Nc2 Nxc2 23. R4xc2 e4 24. Bxa6 Qa7 25. Bc8 Qf7 26. Qxf7 Rxf7 27. Be6 Rff8 28. Rc8 Bd4 29. Kf1 Bc5 30. Rxb8 Rxb8 31. Bxf5 e3 32. fxe3 fxe3 33. Ke2 h6 34. Bd3 Rf8 35. Rf1 Rxf1 36. Kxf1 Kg7 37. Ke2 Kf6 38. b4 Ba7 39. Bc4 Ke5 40. Kd3 Kf4 41. a4 h5 42. Bb3 h4 43. Bd1 1-0

[Event "IND-ch"]
[Site "New Delhi"]
[Date "2001.06.07"]
[Round "11"]
[White "Ganguly, Surya Shekhar"]
[Black "Wajih, Nassir"]
[Result "1/2-1/2"]
[WhiteElo "2456"]
[BlackElo "2371"]
[PlyCount "51"]
[EventDate "2001.06.02"]
[EventType "swiss"]
[EventRounds "18"]
[EventCountry "IND"]
[EventCategory "7"]
[SourceTitle "CBM 082 Extra"]
[Source "ChessBase"]
[SourceDate "2001.07.03"]
[SourceVersion "1"]
[SourceVersionDate "2001.07.03"]
[SourceQuality "1"]

1. e4 c5 2. Nf3 Nc6 3. d4 cxd4 4. Nxd4 g6 5. c4 Bg7 6. Be3 Nf6 7. Nc3 0-0 8. Be2 d6 9. 0-0 Bd7 10. Rc1 Nxd4 11. Bxd4 Bc6 12. f3 a5 13. Qd2 Nd7 14. Bxg7 Kxg7 15. Kh1 f5 16. exf5 gxf5 17. Rce1 e5 18. Qxd6 Rf6 19. Qd3 f4 20. Ne4 Rh6 21. Rd1 Qh4 22. h3 Rg8 23. Rfe1 Kh8 24. Bf1 Rg7 25. Qa3 Bxe4 26. fxe4 1/2-1/2

[Event "IND-ch"]
[Site "New Delhi"]
[Date "2001.06.07"]
[Round "12"]
[White "Wajih, Nassir"]
[Black "Roy Chowdhury, Saptarshi"]
[Result "1/2-1/2"]
[WhiteElo "2371"]
[BlackElo "2306"]
[PlyCount "71"]
[EventDate "2001.06.02"]
[EventType "swiss"]
[EventRounds "18"]
[EventCountry "IND"]
[EventCategory "7"]
[SourceTitle "CBM 082 Extra"]
[Source "ChessBase"]
[SourceDate "2001.07.03"]
[SourceVersion "1"]
[SourceVersionDate "2001.07.03"]
[SourceQuality "1"]

1. e4 c5 2. Nf3 e6 3. d4 cxd4 4. Nxd4 Nc6 5. Nc3 Qc7 6. Be3 a6 7. Be2 Nf6 8. 0-0 Be7 9. f4 d6 10. Bf3 0-0 11. Kh1 Bd7 12. Nb3 Rab8 13. g4 Bc8 14. g5 Nd7 15. Bg2 b5 16. Qh5 g6 17. Qh6 Re8 18. Rf3 Bf8 19. Qh4 Bg7 20. f5 b4 21. f6 bxc3 22. fxg7 Nce5 23. Rh3 Kxg7 24. Qh6+ Kg8 25. Qxh7+ Kf8 26. bxc3 Bb7 27. Rf1 Ke7 28. Bd4 Rh8 29. Qxh8 Rxh8 30. Rxh8 Qc4 31. Na5 Qb5 32. Nxb7 Qxb7 33. h4 Qb2 34. Rh7 Ke8 35. Rh8+ Ke7 36. Rh7 1/2-1/2

[Event "Goodricke op 12th"]
[Site "Kolkata"]
[Date "2001.02.16"]
[Round "11"]
[White "Ramesh, Ramachandran B"]
[Black "Wajih, Nassir"]
[Result "1/2-1/2"]
[WhiteElo "2467"]
[BlackElo "2350"]
[PlyCount "114"]
[EventDate "2001.02.06"]
[EventType "swiss"]
[EventRounds "11"]
[EventCountry "IND"]
[SourceTitle "CBM 082"]
[Source "ChessBase"]
[SourceDate "2001.05.17"]
[SourceVersion "1"]
[SourceVersionDate "2001.05.17"]
[SourceQuality "1"]

1. e4 c5 2. Nf3 Nc6 3. Nc3 g6 4. d4 cxd4 5. Nxd4 Bg7 6. Be3 Nf6 7. Bc4 0-0 8. Bb3 a5 9. f3 d5 10. Bxd5 Nxd5 11. exd5 Nb4 12. Nde2 Bf5 13. Rc1 b5 14. 0-0 Rc8 15. Nd4 Rxc3 16. bxc3 Nxa2 17. Ra1 Nxc3 18. Qd2 Qc7 19. Nc6 e6 20. Bh6 Bxh6 21. Qxc3 exd5 22. Qc5 Re8 23. Rfe1 Be6 24. Rxa5 Bf8 25. Qxb5 Rc8 26. Ne5 Rb8 27. Qa6 Bb4 28. Raa1 Bxe1 29. Rxe1 Qxc2 30. Nd3 Qc4 31. Qxc4 dxc4 32. Nf4 Bf5 33. Rc1 g5 34. Nd5 Bd3 35. Kf2 Rb2+ 36. Kg3 Kg7 37. Ne3 Rb4 38. Nd5 Rb5 39. Nc3 Rb2 40. Na4 Ra2 41. Nc5 h5 42. Nxd3 cxd3 43. Rd1 h4+ 44. Kh3 Ra3 45. Kg4 Kg6 46. f4 Ra4 47. Rxd3 Rxf4+ 48. Kh3 Kh5 49. g3 g4+ 50. Kg2 h3+ 51. Kg1 Rf5 52. Rd2 Kg5 53. Rf2 Rf3 54. Rxf3 gxf3 55. Kf2 Kg4 56. Ke3 f5 57. Kf2 f4 1/2-1/2

[Event "Goodricke op 12th"]
[Site "Kolkata"]
[Date "2001.02.06"]
[Round "1"]
[White "Brauer, Christian E"]
[Black "Wajih, Nassir"]
[Result "0-1"]
[WhiteElo "2153"]
[BlackElo "2350"]
[PlyCount "90"]
[EventDate "2001.02.06"]
[EventType "swiss"]
[EventRounds "11"]
[EventCountry "IND"]
[SourceTitle "CBM 082"]
[Source "ChessBase"]
[SourceDate "2001.05.17"]
[SourceVersion "1"]
[SourceVersionDate "2001.05.17"]
[SourceQuality "1"]

1. d4 Nf6 2. Nc3 d5 3. Bg5 e6 4. e4 dxe4 5. Nxe4 Be7 6. Bxf6 gxf6 7. g3 f5 8. Nc3 Bf6 9. Nge2 c6 10. Bg2 Na6 11. Qd2 Bd7 12. 0-0-0 Qe7 13. h4 0-0-0 14. Nf4 Qb4 15. a3 Qb6 16. Nh5 Be7 17. Rhe1 Kb8 18. Bf3 Bc8 19. Qe3 Nc7 20. Qe5 Bd6 21. Qg7 Qa5 22. Nb1 c5 23. dxc5 Qxc5 24. Re2 Bf8 25. Qf6 Be7 26. Qxf7 e5 27. b4 Rxd1+ 28. Kxd1 Rd8+ 29. Kc1 Qd6 30. Rd2 Qe6 31. Qxh7 Rxd2 32. Nxd2 a5 33. Be2 axb4 34. Bc4 Qd6 35. axb4 Qxb4 36. Ng7 Qa3+ 37. Kd1 f4 38. Qg6 f3 39. Nb3 Qa7 40. Ke1 Bb4+ 41. Kf1 Qa2 42. Qg5 Qxc2 43. Qc1 Qg6 44. Qg5 Qe4 45. Qc1 Qg4 0-1

[Event "IND-chB"]
[Site "Jamshedpur"]
[Date "2000.10.23"]
[Round "13"]
[White "Gokhale, Jayant Suresh"]
[Black "Wajih, Nassir"]
[Result "0-1"]
[WhiteElo "2321"]
[BlackElo "2264"]
[PlyCount "108"]
[EventDate "2000.10.??"]
[EventType "swiss"]
[EventRounds "13"]
[EventCountry "IND"]
[SourceTitle "EXT 2002"]
[Source "ChessBase"]
[SourceDate "2001.11.25"]
[SourceVersion "1"]
[SourceVersionDate "2001.11.25"]
[SourceQuality "1"]

1. Nf3 Nf6 2. c4 g6 3. Nc3 Bg7 4. e4 0-0 5. d4 d6 6. Be2 e5 7. 0-0 Nc6 8. d5 Ne7 9. Nd2 a5 10. a3 Nd7 11. Rb1 f5 12. b4 axb4 13. axb4 Kh8 14. Qc2 fxe4 15. Ndxe4 Nf6 16. Bb2 Nf5 17. Bd3 Nd4 18. Qd1 Nh5 19. Ne2 Nxe2+ 20. Bxe2 Bf5 21. Bd3 Nf4 22. Bc2 Qh4 23. Ng3 Qg5 24. Bc1 Ra2 25. Rb2 Rxb2 26. Bxb2 h5 27. Bc1 Bxc2 28. Qxc2 h4 29. Bxf4 exf4 30. Ne4 Qf5 31. Qd3 f3 32. Qxf3 Qxf3 33. gxf3 Rxf3 34. Re1 Be5 35. Ng5 Rf4 36. Ne6 c6 37. dxc6 bxc6 38. b5 cxb5 39. cxb5 Rf6 40. b6 Rxe6 41. b7 Re8 42. Rc1 d5 43. Rc8 Rg8 44. h3 Kg7 45. Rc5 Rd8 46. Rc8 Rf8 47. Kf1 Kf7 48. Ke2 Ke7 49. Rc5 Rd8 50. Kd3 g5 51. f3 Bd6 52. Rb5 Bc7 53. Rb1 Kd7 54. Kd4 Kc6 0-1

[Event "Commonwealth-ch"]
[Site "India"]
[Date "1999.??.??"]
[Round "?"]
[White "Sundararajan, Kidambi"]
[Black "Wajih, Nassir"]
[Result "1-0"]
[WhiteElo "2350"]
[BlackElo "2202"]
[PlyCount "45"]
[EventDate "1999.??.??"]
[EventType "swiss"]
[EventRounds "10"]
[EventCountry "IND"]
[SourceTitle "EXT 2002"]
[Source "ChessBase"]
[SourceDate "2001.11.25"]
[SourceVersion "1"]
[SourceVersionDate "2001.11.25"]
[SourceQuality "1"]

1. d4 Nf6 2. c4 g6 3. Nc3 Bg7 4. e4 d6 5. Nf3 0-0 6. Be2 e5 7. Be3 Qe7 8. dxe5 dxe5 9. Nd5 Nxd5 10. cxd5 Bg4 11. 0-0 Bxf3 12. Bxf3 c6 13. Rc1 Rd8 14. Qb3 cxd5 15. exd5 e4 16. d6 Rxd6 17. Rc8+ Rd8 18. Rxd8+ Qxd8 19. Qxb7 Nd7 20. Qxe4 Rb8 21. Rd1 Qa5 22. b4 Rxb4 23. Qe7 1-0

[Event "IND-ch"]
[Site "India"]
[Date "1994.??.??"]
[Round "10"]
[White "Dave, Kantilal"]
[Black "Wajih, Nassir"]
[Result "0-1"]
[WhiteElo "2265"]
[BlackElo "2340"]
[PlyCount "156"]
[EventDate "1994.??.??"]
[EventType "tourn"]
[EventRounds "19"]
[EventCountry "IND"]
[EventCategory "5"]
[SourceTitle "CBM 041 Extra"]
[Source "ChessBase"]
[SourceDate "1994.09.01"]
[SourceVersion "1"]
[SourceVersionDate "1994.09.01"]
[SourceQuality "1"]

1. c4 Nf6 2. Nc3 g6 3. Nf3 Bg7 4. g3 0-0 5. Bg2 d6 6. 0-0 Nc6 7. d4 e5 8. dxe5 dxe5 9. Qxd8 Rxd8 10. Nb5 Ne8 11. Bg5 f6 12. Be3 Be6 13. b3 Nb4 14. Bc5 Na6 15. Ba3 c6 16. Nc3 Bf8 17. Bb2 Nc5 18. Rfd1 a5 19. Nd2 f5 20. Nf3 e4 21. Nd4 Bg7 22. Nxe6 Nxe6 23. e3 Nc5 24. Bf1 Nc7 25. Rxd8+ Rxd8 26. Rd1 Rxd1 27. Nxd1 Bxb2 28. Nxb2 N7a6 29. Nd1 Nb4 30. Nc3 Kf7 31. Be2 Ke6 32. f3 exf3 33. Bxf3 Ke5 34. Kf1 Ncd3 35. Bd1 Nc1 36. a3 Nbd3 37. Bc2 g5 38. Ne2 Nxe2 39. Kxe2 Nc5 40. Kf3 h5 41. Ke2 Ne4 42. b4 axb4 43. axb4 b6 44. Bd3 g4 45. Bc2 Nc3+ 46. Kd2 Na2 47. b5 cxb5 48. cxb5 Nb4 49. Bb1 Nd5 50. Kd3 Nc7 51. Ba2 Nxb5 52. Bf7 Nd6 53. Ba2 b5 54. Bg8 Ne4 55. Bf7 b4 56. Be8 Nc5+ 57. Kd2 Ne4+ 58. Kd3 Nc5+ 59. Kd2 b3 60. Bc6 Ne4+ 61. Kd3 Ng5 62. Kc3 Nf3 63. h3 Ng1 64. hxg4 Ne2+ 65. Kxb3 fxg4 66. Kc2 Nxg3 67. Kd2 h4 68. Ke1 h3 69. Kf2 Ne4+ 70. Kg1 g3 71. Kf1 Nc3 72. Bf3 Nd5 73. Ke2 g2 74. Kf2 Nxe3 75. Kg1 Kf4 76. Bc6 Kg3 77. Bxg2 h2+ 78. Kh1 Ng4 0-1